000 00343nam a2200145Ia 4500
005 20260328101454.0
008 260328s9999||||xx |||||||||||||| ||und||
100 _aLefebvre, Henri
245 0 _aDe lo Rural a lo Urbano /
_cHenri Lefebvre
250 _a3a ed.
260 _bPenĂ­nsula
300 _a268 p.
650 _aURBANISMO
942 _cBK
999 _c8775
_d8775